The Lion King Characters - Statistics

General Stats
  • This quiz has been taken 35 times
  • The average score is 9 of 13
Answer Stats
Hint Character % Correct
Funny Meerkat Timon
100%
Protagonist's Love Interest Nala
96%
Protagonist Simba
96%
Protagonist's Father Mufasa
92%
Antagonist Scar
92%
Old Monkey Rafiki
81%
Dumb Coyote Ed
65%
Bird Assistant Zazu
65%
Funny Warthog Pumbaa
62%
Protagonist's Mother Sarabi
54%
Lead Coyote Shenzi
42%
Coyote Goon Banzai
38%
Love Interest's Mother Sarafina
19%
No matching quizzes found
Score Distribution
Percent of People with Each Score
Percentile by Number Answered
Your Score History
You have not taken this quiz